00852nam a2200217 a 450000100100000000500170001000800410002702000150006804000250008308200150010824500900012325000110021326000350022430000210025950000320028059000260031270000470033895201130038595201190049899900170061700004227520201002040040.0131121s1986 mx r 000 0 spa d a968230279X aDO-SdBNPbspacBNPHU axxxxbxxxx00aAmérica Latina :bhistoria de medio siglo /ccoordinador Pablo González Casanova. a6a ed. aMéxico, :bSiglo xxi,c1986. a557 p. ;c23 cm. aIncluye índice de nombres aInventariado, 2019/BT1 aGonzález Casanova, Pablo,ecoord.932840 001050718MOaGRbGRcHDd2013-11-21iLF1l0oxxxx xxxxp42275-10r2020-06-25w2020-06-25y1ZNo se presta 001150718MOaGRbGRcMId2014-01-31iLF1l0oxxxx xxxxp42275-20r2020-06-25te. 2w2020-06-25y1ZNo se presta c41764d41764